Statistiques concernant Continents par superficie

Cliquez ici pour prendre le quiz!

Statistiques générales

  • Ce quiz a été pris 73 fois
  • Le résultat moyen est 39 sur 64

Statistiques - réponses

QuestionTuileSelect% Correct
Le deuxième plus grosOcéanieNon
79%
Le deuxième plus grosAmérique du NordNon
78%
Le deuxième plus grosEuropeNon
78%
Le plus gros continentRussieNon
78%
Le plus gros continentEuropeNon
76%
Le plus gros continentAmérique du NordNon
74%
Le troisième plus grosOcéanieNon
74%
Le plus gros continentOcéanieNon
74%
Le deuxième plus grosAmérique du SudNon
72%
Le plus gros continentAmérique du SudNon
72%
Le deuxième plus grosAntarctiqueNon
72%
Le troisième plus grosAntarctiqueNon
71%
Le troisième plus grosAsieNon
71%
Le plus gros continentAsieOui
71%
Le quatrième plus grosEuropeNon
71%
Le quatrième plus grosOcéanieNon
71%
Le septième plus grosAmérique du NordNon
69%
Le septième plus grosAsieNon
69%
Le deuxième plus grosRussieNon
69%
Le cinquième plus grosAfriqueNon
67%
Le septième plus grosAfriqueNon
67%
Le septième plus grosAmérique du SudNon
67%
Le quatrième plus grosAntarctiqueNon
67%
Le sixième plus grosAsieNon
67%
Le cinquième plus grosOcéanieNon
67%
Le troisième plus grosRussieNon
67%
Le quatrième plus grosRussieNon
67%
Le sixième plus grosAfriqueNon
66%
Le plus petitAfriqueNon
66%
Le sixième plus grosAmérique du NordNon
66%
Le plus petitAmérique du NordNon
66%
Le sixième plus grosAmérique du SudNon
66%
Le plus petitAmérique du SudNon
66%
Le quatrième plus grosAsieNon
66%
Le plus petitAsieNon
66%
Le cinquième plus grosAsieNon
66%
Le troisième plus grosEuropeNon
66%
Le quatrième plus grosAfriqueNon
64%
Le plus gros continentAntarctiqueNon
64%
Le septième plus grosRussieNon
64%
Le troisième plus grosAfriqueNon
62%
Le plus gros continentAfriqueNon
62%
Le cinquième plus grosAmérique du NordNon
60%
Le troisième plus grosAmérique du SudNon
60%
Le cinquième plus grosAntarctiqueNon
60%
Le deuxième plus grosAsieNon
60%
Le cinquième plus grosEuropeNon
60%
Le sixième plus grosRussieNon
59%
Le cinquième plus grosAmérique du SudNon
57%
Le plus petitRussieNon
55%
Le plus petitAntarctiqueNon
53%
Le sixième plus grosOcéanieNon
53%
Le septième plus grosAntarctiqueNon
52%
Le plus petitEuropeNon
48%
Le quatrième plus grosAmérique du NordNon
47%
Le sixième plus grosEuropeNon
47%
Le deuxième plus grosAfriqueOui
40%
Le septième plus grosOcéanieNon
40%
Le quatrième plus grosAmérique du SudOui
33%
Le troisième plus grosAmérique du NordOui
31%
Le plus petitOcéanieOui
26%
Le cinquième plus grosRussieOui
19%
Le septième plus grosEuropeOui
17%
Le sixième plus grosAntarctiqueOui
12%

Distribution des résultats

Percentile par nombre de réponses

% des personnes avec chaque résultat

Votre développement - résultats

Vous n’avez pas pris ce quiz